000
00373nam a2200145Ia 4500
008
191206s9999 xx 000 0 und d
020
_a
70081662
090
_a
HF5691.B9
245
0
_a
Business mathematics
250
_a
10th ed.
260
_a
Glencoe
260
_c
cc1988
300
_a
"viii, 568 p. : ill. (some col.) ; 24 cm."
999
_c
15609
_d
15609